Henchmen, Sidekicks, and Subordinates Quiz Stats

 Plays Quiz Updated Feb 4, 2019

Support Sporcle.
Go Orange.
Score 0/30 Timer 06:00
3 Plays Today
% Correct
Winnie the Pooh
96.5%
Batman
95.8%
Han Solo
95%
Shrek
95%
Willy Wonka
94.6%
Sherlock Holmes
94.2%
Wicked Witch of the West
90.8%
Robin Hood
89.5%
Wallace
88.9%
The Brain
87.6%
Emperor Palpatine
83.4%
Frodo Baggins
83.2%
Magneto
82.8%
Ebenezer Scrooge
81.4%
Montgomery Burns
81.2%
% Correct
Krusty the Clown
80.5%
Lord Voldemort
80.2%
Gomez Addams
80.1%
SpongeBob SquarePants
80.1%
Captain Hook
80.1%
Marlin
79.9%
Michael Scott
74.1%
Andy Taylor
69.2%
Sauron
69.1%
The Joker
66.8%
Danny Zuko
66.5%
Cruella de Vil
65.9%
Big-Daddy
65.4%
Fagin
64.2%
Ursula
62.8%

From the Vault

Top Grossing 'U' Movies

by Sheldon

Movies 5m
U might be a little surprised at the list of movies here.
Remove Ads.
Support Sporcle.
Get the best of Sporcle when you Go Orange. This ad-free experience offers more features, more stats, and more fun while also helping to support Sporcle. Thank you for becoming a member.

Show Comments

Extras

Top Quizzes Today


Score Distribution

Your Account Isn't Verified!

In order to create a playlist on Sporcle, you need to verify the email address you used during registration. Go to your Sporcle Settings to finish the process.

Report this User

Report this user for behavior that violates our Community Guidelines.

Details: